000 00694nam a2200205 a 4500
001 000030532
005 20240412074254.0
008 110523s1991 dr 000 j spa d
040 _aDO-SdBNP
_bspa
_cBNPHU
082 _aRD863.44
_bR696su
100 1 _aRodríguez Soriano, René,
_d1950-
_9232
245 1 0 _aSu nombre, Julia /
_cRené Rodríguez Soriano.
260 _aSanto Domingo :
_bAlfa y Omega,
_c1991.
300 _a118 p. ;
_c28 cm.
500 _aIncluye datos biográficos del autor en la solapa de la contracubierta.
590 _aInventariado, 2020 /MAA
650 0 _aCuentos dominicanos
_9176
650 0 _aLiteratura dominicana.
_967
910 _aValidado. Control de calidad MFF
999 _c30024
_d30024